000 01045nam a2200217Ia 4500
003 Ost
005 20260507075434.0
008 260507s9999||||xx |||||||||||||| ||und||
020 _a9774310462
040 _cfsecg
041 _aara
082 _a330
100 _aالاحمدى، عمار ياسين
_eمؤلف
245 0 _aمبادئ الاقتصاد /
_c عمار ياسين الاحمدى
260 _aالقاهرة:
_bمؤسسة طيبة,
_c2008
300 _a273 صفحة؛
_bإيضاحات ؛
_c24 سم
520 _aيضم طبيعة الاقتصاد واقسامه، القوانين الاقتصادية، المبادئ الاساسية للتحليل الاقتصادي، عناصر المشكلة الاقتصادية، في الطبيعة، العمل، الانتاج، تكاليف الانتاج، في رأس المال، التأليف بين عناصر الانتاج، تحديد كمية الناتج وسعره
653 _aالاقتصاد
653 _aالاقتصاد التحليلي
942 _cكتاب
999 _c44528
_d44528